书目信息 |
| 题名: |
光化学原理
|
|
| 作者: | 科伊尔 , 巴尔特洛甫 著 ;宋心琦 译 | |
| 分册: | ||
| 出版信息: | 北京 清华大学出版社 1983.11 |
|
| 页数: | 274页 | |
| 开本: | 19cm | |
| 丛书名: | ||
| 单 册: | ||
| 中图分类: | O644.1 | |
| 科图分类: | ||
| 主题词: | 量子化学 , 物理化学 | |
| 电子资源: | ||
| ISBN: | ||
| 000 | 00647nam0 2200229 45 | |
| 001 | 0405200862 | |
| 005 | 20060727165621.78 | |
| 010 | @dCNY1.10 | |
| 091 | @a15235.90 | |
| 100 | @a20040520d1983 km y0chiy0120 ea | |
| 101 | 0 | @achi |
| 200 | 1 | @a光化学原理@AGuang Hua Xue Yuan Li@f(英)巴尔特洛甫,科伊尔著@F(Ying)Ba Er Te Luo Fu,Ke Yi Er Zhu@g宋心琦等译 |
| 210 | @a北京@c清华大学出版社@d1983.11 | |
| 215 | @a274页@d19cm | |
| 606 | 0 | @a量子化学 |
| 606 | 0 | @a物理化学 |
| 690 | @aO644.1@v3 | |
| 701 | 0 | @a科伊尔@4著 |
| 701 | 0 | @a巴尔特洛甫@4著 |
| 702 | 0 | @a宋心琦@ASong Xin Qi@4译 |
| 801 | @aCN@bPftUser@c20060727 | |
| 905 | @dO644.1@e2@b103995@f1 | |
| 光化学原理/(英)巴尔特洛甫,科伊尔著/宋心琦等译.-北京:清华大学出版社,1983.11 |
| 274页;19cm |
| ISBN :CNY1.10 |
| ● |
| 相关链接 |
|
|
|
|
正题名:光化学原理
索取号:O644.1/2
 
预约/预借
| 序号 | 登录号 | 条形码 | 馆藏地/架位号 | 状态 | 备注 |
| 1 | 0103995 | 001945756 | 第三借阅区/ [索取号:O644.1/2] | 在馆 | |
| 2 | 0103996 | 000342971 | 第三借阅区/ [索取号:O644.1/2] | 在馆 | |
| 3 | 0103997 | 000342999 | 第三借阅区/ [索取号:O644.1/2] | 在馆 | |
| 4 | 0103998 | 000342980 | 第三借阅区/ [索取号:O644.1/2] | 在馆 | |
| 5 | 0103999 | 000343006 | 第二样本阅览室/ [索取号:O644.1/2] | 在馆 | |
| 6 | 0433818 | 204338181 | 密集书库/ [索取号:O644.1/2] | 在馆 | |
| 7 | 0433819 | 204338190 | 密集书库/ [索取号:O644.1/2] | 在馆 |